000 00285nam a2200097Ia 4500
082 _aT 616.9792 ROBI
245 0 _aFrequently asked questions about AIDS and HIV
100 _a ROBINSON, Richard New York, 2009
_976383
942 _cBK
008 210817s9999 xx 000 0 und d
999 _c253996
_d253995